Nákladové výpočty v organizacích dopravy sbírka příkladů
Guardado en:
| Autor principal: | |
|---|---|
| Autor Corporativo: | |
| Otros Autores: | |
| Formato: | Libro |
| Lenguaje: | checo |
| Publicado: |
Praha
Státní pedagogické nakladatelství
1983
|
| Etiquetas: |
Sin Etiquetas, Sea el primero en etiquetar este registro!
|
MARC
| LEADER | 00000nam a2200000 4500 | ||
|---|---|---|---|
| 001 | c134216 | ||
| 005 | 20240411081159.8 | ||
| 041 | 0 | |a cze | |
| 044 | |a CZ | ||
| 245 | 1 | 0 | |a Nákladové výpočty v organizacích dopravy |b sbírka příkladů |c Stanislav Svoboda, Bohumil Král |
| 264 | 1 | |a Praha |b Státní pedagogické nakladatelství |c 1983 | |
| 300 | |a 87 s. | ||
| 100 | 1 | |a Svoboda, Stanislav | |
| 700 | 1 | |a Král, Bohumil | |
| 710 | 2 | |a Vysoká škola ekonomická v Praze. Fakulta řízení | |